Catàlegs de les Sèries d'Obra Pública dels antics ajuntaments de Sarrià, Sant Gervasi de Cassoles, Santa Creu d'Olorda i Vallvidrera 1839-1921 / realitzat per Amèlia Poves Ruiz-Navarro ; amb la col·laboració d'Ani Lostaló i Julivert
Descripción Física:
103 p. ; 30 cm
Otros Autores:
Lostaló i Julivert, Ani
MARC
| LEADER | 00000nam a2200000Ia 4500 | ||
|---|---|---|---|
| 001 | 10620 | ||
| 008 | 160829s1994 xx 000 0 cat d | ||
| 080 | |a C-2-8 | ||
| 100 | |a Poves Ruiz-Navarro, Amèlia |9 20036 | ||
| 245 | |a Catàlegs de les Sèries d'Obra Pública dels antics ajuntaments de Sarrià, Sant Gervasi de Cassoles, Santa Creu d'Olorda i Vallvidrera 1839-1921 / realitzat per Amèlia Poves Ruiz-Navarro ; amb la col·laboració d'Ani Lostaló i Julivert | ||
| 260 | |a Barcelona : |b Arxiu Municipal del Districte de Sarrià - Sant Gervasi, |c 1994 | ||
| 300 | |a 103 p. ; |c 30 cm | ||
| 490 | |a Col·lecció Inventaris i Catàlegs de l' Arxiu Municipal ; 4 | ||
| 650 | |a Obres públiques |x Barcelona |x 1839/1921 |9 20287 | ||
| 700 | |a Lostaló i Julivert, Ani |9 20288 | ||
| 710 | 2 | |a Arxiu Municipal de Barcelona |9 55021 | |
| 901 | |a Arxiu | ||
| 942 | |n 1 | ||
| 952 | |0 0 |1 0 |4 0 |6 C28 |7 1 |9 41517 |a Arxiu |b Arxiu |d 2016-12-01 |l 0 |o C-2-8 |p 10620 |r 2016-12-01 00:00:00 |w 2016-12-01 |y ARXIU | ||
| 999 | |c 43332 |d 43332 | ||